Predchádzanie zlyhaniam na finančných trhoch

Eliminácia rizikových faktorov. Požiadavka kapitálovej primeranosti a riadenia likvidity. Transparentnosť finančných transakcií. Oddelovanie oblasti pôsobenia komerčných a investičných bánk.

Guardado en:
Detalles Bibliográficos
Autor principal: König, Daniel
Formato: Capítulo de libro
Lenguaje:eslovaco
Materias:
Etiquetas: Agregar Etiqueta
Sin Etiquetas, Sea el primero en etiquetar este registro!

MARC

LEADER 00000nla$a2200000$$$4500
001 0103475
005 20240502072127.0
041 0 |a slo 
044 |a SK 
245 1 0 |a Predchádzanie zlyhaniam na finančných trhoch  |c Daniel König 
520 |a Eliminácia rizikových faktorov. Požiadavka kapitálovej primeranosti a riadenia likvidity. Transparentnosť finančných transakcií. Oddelovanie oblasti pôsobenia komerčných a investičných bánk. 
610 2 0 |a trh finančný 
610 2 0 |a riziko likvidity 
610 2 0 |a likvidita 
610 2 0 |a efektívnosť ekonomická 
610 2 0 |a zlyhanie trhu 
610 2 0 |a kríza hospodárska 
100 1 |a König, Daniel